UCHANGANUZI WA LUHYA YA KISITIARI KATIKA KUSAWIRI SIASA KATIKA RIWAYA YA KISWAHILI: MFANO WA CHOZI LA HERI NA KIZA KATIKA NURU (Record no. 217141)

MARC details
000 -LEADER
fixed length control field 00679nam a22001577a 4500
008 - FIXED-LENGTH DATA ELEMENTS--GENERAL INFORMATION
fixed length control field 260514b |||||||| |||| 00| 0 eng d
050 ## - LIBRARY OF CONGRESS CALL NUMBER
Classification number THE PL 8708 .9 .K56 2025
100 ## - MAIN ENTRY--PERSONAL NAME
Personal name KING'OO FAITH MUMO
245 ## - TITLE STATEMENT
Title UCHANGANUZI WA LUHYA YA KISITIARI KATIKA KUSAWIRI SIASA KATIKA RIWAYA YA KISWAHILI: MFANO WA CHOZI LA HERI NA KIZA KATIKA NURU
260 ## - PUBLICATION, DISTRIBUTION, ETC.
Place of publication, distribution, etc. KISII,
Name of publisher, distributor, etc. KISII UNIVERSITY PRESS,
Date of publication, distribution, etc. 2025.
300 ## - PHYSICAL DESCRIPTION
Extent XIII,104 P
500 ## - GENERAL NOTE
General note INCLUDES BIBLIOGRAPHIC REFERENCES.
650 ## - SUBJECT ADDED ENTRY
Topical term or geographic name entry element 1. SWAHILI8 LITERATURE- KENYA- POLITICAL ASPECTS. 2. SWAHILI FICTION- ANAlYSIS- CHOZI LA HERI. 3 . SWAHILI FICTION- ANALYSIS- KIZA KATIKA NURU
942 ## - ADDED ENTRY ELEMENTS (KOHA)
Source of classification or shelving scheme Library of Congress Classification
Koha item type Reference
Holdings
Withdrawn status Lost status Source of classification or shelving scheme Damaged status Not for loan Collection Home library Current library Shelving location Date acquired Inventory number Total checkouts Full call number Barcode Date last seen Copy number Price effective from Koha item type
    Library of Congress Classification     Special Research Kisii University Library Kisii University Library On Display 05/14/2026 113474   THE PL 8708.9 .K56 2025 A000407 05/14/2026 1 05/14/2026 Reference